Central Library and Information Centre
Sibsagar Girls' College, Sivasagar : Assam

ESSENTIALS OF ENDOCRINOLOGY AND REPRODUCTIVE PHYSIOLOGY (Record no. 6980)

MARC details
000 -LEADER
fixed length control field 00463cam a2200181ua 4500
008 - FIXED-LENGTH DATA ELEMENTS--GENERAL INFORMATION
fixed length control field 120121n1985 II |||gr||||Z||||||eng
040 ## - CATALOGING SOURCE
Original cataloging agency MAIN
041 ## - LANGUAGE CODE
-- English
082 ## - DEWEY DECIMAL CLASSIFICATION NUMBER
Classification number 571 PRA
100 ## - MAIN ENTRY--PERSONAL NAME
Personal name PRASAD, A. K.
245 ## - TITLE STATEMENT
Title ESSENTIALS OF ENDOCRINOLOGY AND REPRODUCTIVE PHYSIOLOGY
260 ## - PUBLICATION, DISTRIBUTION, ETC.
Place of publication, distribution, etc. MUMBAI
Name of publisher, distributor, etc. ALLIED PUBLISHERS
Date of publication, distribution, etc. 1985
300 ## - PHYSICAL DESCRIPTION
Extent 215:
Dimensions 20CM.
700 ## - ADDED ENTRY--PERSONAL NAME
Personal name SINGHA, A. K.
942 ## - ADDED ENTRY ELEMENTS (KOHA)
Koha item type Books
653 ## - INDEX TERM--UNCONTROLLED
Uncontrolled term Physiology & related subjects
Holdings
Withdrawn status Lost status Damaged status Not for loan Collection code Home library Current library Shelving location Date acquired Full call number Barcode Date last seen Copy number Price effective from Koha item type Public note
        TBZOO Central Library and Information Centre Sibsagar Girls College Central Library and Information Centre Sibsagar Girls College ZOOLOGY BOOK RACK 05.02.1997 571 PRA 14653 27.02.2020 1 27.02.2020 Books V


Sibsagar Girl's College © 2020. All rights reserved.
Powered by Koha.
Maintained by Abhijit Borpuzari.